[Event "PMPJ 2022 - C13"]
[Site "Jastrzebia Gora"]
[Date "2022.11.12"]
[Round "9.3"]
[White "Jaszczuk, Piotr"]
[Black "Przybylski, Jan"]
[Result "0-1"]
[BlackElo "1638"]
[WhiteElo "1512"]
[LiveChessVersion "1.4.4"]

1. e4 {[%clk 1:30:57]} e5 {[%clk 1:30:56]} 2. Nf3 {[%clk 1:31:24]} Nc6
{[%clk 1:31:22]} 3. Bc4 {[%clk 1:31:49]} Bc5 {[%clk 1:31:47]} 4. c3
{[%clk 1:32:06]} Nf6 {[%clk 1:31:58]} 5. d3 {[%clk 1:32:06]} d6 {[%clk 1:32:04]}
6. b4 {[%clk 1:31:51]} Bb6 {[%clk 1:32:10]} 7. Bb3 {[%clk 1:31:11]} O-O
{[%clk 1:30:59]} 8. Nbd2 {[%clk 1:29:18]} a6 {[%clk 1:28:49]} 9. Nf1
{[%clk 1:20:03]} d5 {[%clk 1:26:19]} 10. Ng3 {[%clk 1:18:12]} Be6
{[%clk 1:14:38]} 11. O-O {[%clk 1:13:50]} h6 {[%clk 0:59:27]} 12. h3
{[%clk 1:06:09]} Qd7 {[%clk 0:56:10]} 13. Kh2 {[%clk 0:59:12]} Rad8
{[%clk 0:55:15]} 14. Bb2 {[%clk 0:40:28]} Qe7 {[%clk 0:50:24]} 15. Qc2
{[%clk 0:35:39]} d4 {[%clk 0:46:53]} 16. a3 {[%clk 0:29:59]} dxc3
{[%clk 0:46:39]} 17. Qxc3 {[%clk 0:28:19]} Nd4 {[%clk 0:44:25]} 18. Bxe6
{[%clk 0:18:00]} Qxe6 {[%clk 0:42:09]} 19. Rad1 {[%clk 0:17:02]} Rd7
{[%clk 0:40:06]} 20. Qc4 {[%clk 0:13:11]} Re8 {[%clk 0:36:19]} 21. Qxe6
{[%clk 0:08:24]} Nxf3+ {[%clk 0:35:07]} 22. gxf3 {[%clk 0:08:39]} Rxe6
{[%clk 0:35:35]} 23. Nf5 {[%clk 0:08:49]} Kh7 {[%clk 0:33:16]} 24. Ne3
{[%clk 0:05:08]} Bd4 {[%clk 0:30:59]} 25. Bxd4 {[%clk 0:02:44]} exd4
{[%clk 0:29:52]} 26. Nc4 {[%clk 0:02:31]} Nh5 {[%clk 0:29:59]} 27. Na5
{[%clk 0:00:53]} b6 {[%clk 0:29:47]} 28. Nc4 {[%clk 0:00:42]} b5 {[%clk 0:29:35]}
29. Na5 {[%clk 0:00:49]} Rf6 {[%clk 0:29:02]} 30. Kg2 {[%clk 0:00:32]} Rg6+
{[%clk 0:29:13]} 31. Kh2 {[%clk 0:00:42]} Nf4 {[%clk 0:29:32]} 32. Rg1
{[%clk 0:00:40]} Rxg1 {[%clk 0:29:49]} 33. Kxg1 {[%clk 0:01:02]} Rd6
{[%clk 0:30:00]} 34. Kh2 {[%clk 0:00:51]} Rg6 {[%clk 0:30:06]} 35. Rd2
{[%clk 0:01:01]} h5 {[%clk 0:29:00]} 36. Nb3 {[%clk 0:01:11]} Rd6
{[%clk 0:28:51]} 37. Kg3 {[%clk 0:00:48]} Ne6 {[%clk 0:27:13]} 38. Rc2
{[%clk 0:00:35]} g5 {[%clk 0:23:39]} 39. h4 {[%clk 0:00:31]} f6 {[%clk 0:23:10]}
40. Nc1 {[%clk 0:00:33]} Kg6 {[%clk 0:22:48]} 41. Ne2 {[%clk 0:00:36]} f5
{[%clk 0:21:23]} 42. hxg5 {[%clk 0:00:35]} Kxg5 {[%clk 0:21:28]} 43. f4+
{[%clk 0:00:52]} Kg6 {[%clk 0:21:31]} 44. e5 {[%clk 0:00:41]} Rb6
{[%clk 0:21:45]} 45. Kh4 {[%clk 0:00:40]} a5 {[%clk 0:21:38]} 46. Kg3
{[%clk 0:00:32]} axb4 {[%clk 0:21:38]} 47. axb4 {[%clk 0:00:48]} Ra6
{[%clk 0:22:00]} 48. Nc1 {[%clk 0:00:31]} Ra4 {[%clk 0:18:16]} 49. Rb2
{[%clk 0:00:34]} Ra1 {[%clk 0:17:41]} 50. Rc2 Rb1 {[%clk 0:17:39]} 51. Na2
{[%clk 0:00:51]} Rg1+ {[%clk 0:16:33]} 52. Kh2 {[%clk 0:01:08]} Rd1
{[%clk 0:16:49]} 53. Nc1 {[%clk 0:00:50]} Nxf4 {[%clk 0:15:55]} 54. Rc6+
{[%clk 0:00:52]} Kg5 {[%clk 0:16:14]} 55. Rxc7 {[%clk 0:01:14]} Kg4
{[%clk 0:14:35]} 56. Rc6 {[%clk 0:00:31]} h4 {[%clk 0:13:28]} 57. e6
{[%clk 0:00:33]} Re1 {[%clk 0:12:18]} 58. Nb3 {[%clk 0:00:31]} Nxe6
{[%clk 0:12:03]} 59. f3+ {[%clk 0:00:31]} Kf4 {[%clk 0:11:40]} 60. Rd6
{[%clk 0:00:51]} Ke5 {[%clk 0:11:08]} 61. Rd7 {[%clk 0:01:02]} Re2+
{[%clk 0:06:40]} 62. Kh1 {[%clk 0:00:31]} Rf2 {[%clk 0:05:55]} 63. Re7
{[%clk 0:00:37]} Kd6 {[%clk 0:05:37]} 64. Re8 {[%clk 0:00:37]} Kd7
{[%clk 0:05:26]} 65. Rh8 {[%clk 0:00:44]} Rxf3 {[%clk 0:05:37]} 66. Rh7+
{[%clk 0:00:45]} Kd6 {[%clk 0:05:28]} 67. Rh6 {[%clk 0:01:04]} Rh3+
{[%clk 0:04:56]} 68. Kg2 {[%clk 0:01:05]} Rg3+ {[%clk 0:05:18]} 69. Kf2
{[%clk 0:01:22]} Kd5 {[%clk 0:05:17]} 70. Nc1 {[%clk 0:00:33]} Rg4
{[%clk 0:04:59]} 71. Ne2 {[%clk 0:00:00]} 0-1

[Event "PMPJ 2022 - C13"]
[Site "Jastrzebia Gora"]
[Date "2022.11.12"]
[Round "9.4"]
[White "Wojtacha, Krzysztof"]
[Black "Nocek, Dominik"]
[Result "1/2-1/2"]
[BlackElo "1605"]
[WhiteElo "1506"]
[LiveChessVersion "1.4.4"]

1. e4 {[%clk 1:30:57]} e5 {[%clk 1:30:56]} 2. Nf3 {[%clk 1:31:21]} Nc6
{[%clk 1:31:22]} 3. Bb5 {[%clk 1:31:43]} a6 {[%clk 1:31:47]} 4. Ba4
{[%clk 1:32:08]} Nf6 {[%clk 1:32:10]} 5. O-O {[%clk 1:32:29]} Be7
{[%clk 1:32:33]} 6. Re1 {[%clk 1:32:45]} b5 {[%clk 1:32:57]} 7. Bb3
{[%clk 1:33:06]} O-O {[%clk 1:33:19]} 8. a4 {[%clk 1:32:08]} Bb7 {[%clk 1:32:18]}
9. d3 {[%clk 1:30:25]} d6 {[%clk 1:32:11]} 10. Nbd2 {[%clk 1:27:00]} Nd7
{[%clk 1:30:35]} 11. axb5 {[%clk 1:20:12]} axb5 {[%clk 1:30:41]} 12. Rxa8
{[%clk 1:20:25]} Qxa8 {[%clk 1:30:55]} 13. c3 {[%clk 1:18:26]} Nc5
{[%clk 1:27:41]} 14. Bc2 {[%clk 1:18:42]} Qa1 {[%clk 1:22:14]} 15. d4
{[%clk 1:07:57]} Na4 {[%clk 1:17:12]} 16. Nb3 {[%clk 1:02:52]} Qa2
{[%clk 1:16:47]} 17. Qd3 {[%clk 0:58:01]} Ba6 {[%clk 0:58:16]} 18. Nfd2
{[%clk 0:45:25]} Nb6 {[%clk 0:44:00]} 19. d5 {[%clk 0:38:44]} Nb8
{[%clk 0:39:35]} 20. Qe3 {[%clk 0:28:18]} N8d7 {[%clk 0:33:47]} 21. Bb1
{[%clk 0:24:47]} Qa4 {[%clk 0:33:57]} 22. Bc2 {[%clk 0:24:48]} Qa2
{[%clk 0:30:45]} 23. Bb1 {[%clk 0:25:12]} Qa4 {[%clk 0:31:10]} 24. Bc2
{[%clk 0:25:38]} Qa2 {[%clk 0:31:34]} 25. Bb1 {[%clk 0:26:04]} Qa4
{[%clk 0:31:57]} 26. Bc2 {[%clk 0:26:30]} Qa2 {[%clk 0:32:18]} 27. Bb1
{[%clk 0:26:56]} Qa4 {[%clk 0:32:23]} 28. Bc2 {[%clk 0:27:23]} Qa2
{[%clk 0:32:46]} 29. Bb1 {[%clk 0:27:19]} Qa4 {[%clk 0:33:11]} 30. Bc2
{[%clk 0:28:14]} Qa2 {[%clk 0:33:34]} 31. Bb1 {[%clk 0:28:38]} 1/2-1/2

[Event "PMPJ 2022 - C13"]
[Site "Jastrzebia Gora"]
[Date "2022.11.12"]
[Round "9.5"]
[White "Grobelny, Mikolaj"]
[Black "Wasiluk, Mateusz"]
[Result "1/2-1/2"]
[BlackElo "1477"]
[WhiteElo "1493"]
[LiveChessVersion "1.4.4"]

1. e4 e6 2. d4 d5 3. Bd3 dxe4 4. Bxe4 Nf6 5. Bf3 Be7 6. Ne2 O-O 7. O-O c5 8. Be3
cxd4 9. Nxd4 Nbd7 10. Nc3 Ne5 11. Qe2 Nxf3+ 12. Qxf3 a6 13. Rad1 Qc7 14. Nb3 Bd6
15. h3 Bd7 16. Rfe1 Bc6 17. Qe2 Nd5 18. Ne4 Nxe3 19. Qxe3 Bf4 20. Qe2 Rad8 21.
Nbc5 Rxd1 22. Rxd1 Rd8 23. Qg4 Rxd1+ 24. Qxd1 Be5 25. b4 g6 26. f3 Bxe4 27. fxe4
a5 28. a3 axb4 29. axb4 Bc3 30. Nd3 Qd6 31. Qe2 Qd4+ 32. Kh1 Bxb4 33. Nxb4 Qxb4
34. e5 Qf4 35. Qb5 Qc1+ 36. Kh2 Qf4+ 37. Kh1 Qe4 38. c4 Qc6 39. Qb3 b6 40. Qd3
Qc7 41. Qd4 Kg7 42. Qf4 Qe7 43. Qf2 Qd8 44. Kh2 Qg5 45. Qd4 Qf5 46. Kg1 g5 47.
Qxb6 Qxe5 48. c5 Qe1+ 49. Kh2 Qe5+ 50. Kh1 Qe1+ 51. Kh2 Qe5+ 52. Kh1 h5 53. Qb4
Qa1+ 54. Kh2 Qe5+ 55. Kh1 Qa1+ 56. Kh2 Qe5+ 57. Kh1 Qd5 58. Qc3+ Kf8 59. c6 Qd1+
60. Kh2 1/2-1/2

[Event "PMPJ 2022 - C13"]
[Site "Jastrzebia Gora"]
[Date "2022.11.12"]
[Round "9.6"]
[White "Protas, Jakub"]
[Black "Prokopiuk, Jakub"]
[Result "0-1"]
[BlackElo "1651"]
[WhiteElo "1124"]
[LiveChessVersion "1.4.4"]

1. e4 {[%clk 1:30:58]} c5 {[%clk 1:30:42]} 2. Nf3 {[%clk 1:31:20]} d6
{[%clk 1:31:05]} 3. d4 {[%clk 1:31:39]} cxd4 {[%clk 1:31:31]} 4. Nxd4
{[%clk 1:32:03]} Nf6 {[%clk 1:31:59]} 5. Nc3 {[%clk 1:32:24]} Nc6
{[%clk 1:32:47]} 6. f3 {[%clk 1:32:21]} e5 {[%clk 1:31:21]} 7. Nb3
{[%clk 1:28:51]} Be7 {[%clk 1:30:21]} 8. Bc4 {[%clk 1:28:43]} O-O
{[%clk 1:30:21]} 9. Be3 {[%clk 1:28:43]} Be6 {[%clk 1:27:35]} 10. Bd5
{[%clk 1:28:43]} a5 {[%clk 1:27:35]} 11. Na4 {[%clk 1:28:43]} Bxd5
{[%clk 1:27:35]} 12. exd5 {[%clk 1:28:43]} Nb4 {[%clk 1:27:35]} 13. Nb6
{[%clk 1:28:43]} Ra6 {[%clk 1:27:35]} 14. c3 {[%clk 1:28:43]} Rxb6
{[%clk 1:27:35]} 15. Bxb6 {[%clk 1:28:43]} Qxb6 {[%clk 1:27:35]} 16. cxb4
{[%clk 1:28:43]} Qxb4+ {[%clk 1:27:35]} 17. Qd2 {[%clk 1:28:43]} Nxd5
{[%clk 1:27:35]} 18. O-O {[%clk 1:28:43]} Qxd2 {[%clk 1:27:35]} 19. Nxd2
{[%clk 1:28:43]} b5 {[%clk 1:27:35]} 20. a4 {[%clk 1:28:43]} Rb8 {[%clk 1:27:35]}
21. axb5 {[%clk 1:28:43]} Rxb5 {[%clk 1:27:35]} 22. Nc4 {[%clk 1:28:43]} Rb4
{[%clk 1:27:35]} 23. Rxa5 {[%clk 1:28:43]} Rxc4 {[%clk 1:27:35]} 24. Rxd5
{[%clk 1:28:43]} Rb4 {[%clk 1:27:35]} 25. Rb1 {[%clk 1:28:43]} f5
{[%clk 1:27:35]} 26. f4 {[%clk 1:28:43]} exf4 {[%clk 1:27:35]} 27. Rxf5
{[%clk 1:28:43]} Bf6 {[%clk 1:27:35]} 28. Rd5 {[%clk 0:31:52]} Be5
{[%clk 0:42:12]} 29. b3 {[%clk 0:22:47]} Kf7 {[%clk 0:32:53]} 30. Ra5
{[%clk 0:22:47]} Ke6 {[%clk 0:32:53]} 31. Ra4 Rb5 {[%clk 0:31:31]} 32. b4
{[%clk 0:19:56]} Bc3 {[%clk 0:29:04]} 33. Kf1 {[%clk 0:18:58]} Kd5
{[%clk 0:29:17]} 34. Ra5 Kc4 35. Rxb5 {[%clk 0:10:58]} Kxb5 {[%clk 0:29:46]} 36.
Rd1 {[%clk 0:10:43]} Be5 {[%clk 0:26:33]} 37. Ke2 {[%clk 0:10:12]} Kxb4
{[%clk 0:23:07]} 38. Kf3 {[%clk 0:10:22]} Kc4 {[%clk 0:17:34]} 39. Ke4
{[%clk 0:10:09]} Kc3 {[%clk 0:17:34]} 40. h3 {[%clk 0:10:09]} h6 {[%clk 0:17:34]}
41. h4 {[%clk 0:10:09]} Kc2 {[%clk 0:17:34]} 42. Rd5 {[%clk 0:06:04]} Kc3
{[%clk 0:14:05]} 43. h5 Kc4 {[%clk 0:14:29]} 44. Rxe5 {[%clk 0:05:39]} dxe5 45.
Kxe5 {[%clk 0:06:21]} f3 {[%clk 0:12:52]} 46. gxf3 {[%clk 0:06:21]} Kd3
{[%clk 0:13:43]} 47. Kf5 {[%clk 0:06:26]} Ke3 {[%clk 0:13:44]} 48. f4
{[%clk 0:05:29]} Kf3 {[%clk 0:13:44]} 49. Ke5 {[%clk 0:05:29]} Kg4
{[%clk 0:13:44]} 50. Ke4 {[%clk 0:00:33]} Kxh5 {[%clk 0:09:46]} 51. Kf5
{[%clk 0:00:56]} g6+ {[%clk 0:09:46]} 52. Kf6 {[%clk 0:00:56]} g5
{[%clk 0:07:40]} 53. f5 {[%clk 0:00:52]} g4 {[%clk 0:08:02]} 54. Ke7
{[%clk 0:01:10]} g3 {[%clk 0:08:02]} 55. f6 {[%clk 0:01:10]} g2 {[%clk 0:08:40]}
56. f7 {[%clk 0:01:55]} g1=Q {[%clk 0:08:57]} 57. f8=Q {[%clk 0:02:17]} Qc5+
{[%clk 0:09:19]} 0-1

[Event "PMPJ 2022 - C13"]
[Site "Jastrzebia Gora"]
[Date "2022.11.12"]
[Round "9.7"]
[White "Kowalski, Witold"]
[Black "Rajlich, Vaclav"]
[Result "0-1"]
[BlackElo "1488"]
[WhiteElo "1528"]
[LiveChessVersion "1.4.4"]

1. e4 {[%clk 1:30:57]} c5 {[%clk 1:30:57]} 2. Nf3 {[%clk 1:31:16]} Nc6
{[%clk 1:31:25]} 3. d4 {[%clk 1:31:33]} cxd4 {[%clk 1:31:52]} 4. Nxd4
{[%clk 1:31:53]} g6 {[%clk 1:32:19]} 5. Nc3 {[%clk 1:32:06]} Bg7 {[%clk 1:32:46]}
6. Be3 {[%clk 1:32:21]} Nf6 {[%clk 1:32:40]} 7. Bc4 {[%clk 1:32:33]} O-O
{[%clk 1:33:03]} 8. Bb3 {[%clk 1:26:00]} d6 {[%clk 1:32:53]} 9. f3
{[%clk 1:25:34]} Bd7 {[%clk 1:33:02]} 10. Qd2 {[%clk 1:24:48]} a6
{[%clk 1:31:53]} 11. O-O-O {[%clk 1:19:48]} Ne5 {[%clk 1:30:53]} 12. h4
{[%clk 1:16:48]} h5 {[%clk 1:26:42]} 13. Bh6 {[%clk 0:58:52]} Rc8
{[%clk 1:23:11]} 14. g4 {[%clk 0:34:37]} hxg4 {[%clk 1:09:24]} 15. h5
{[%clk 0:28:34]} Nc4 {[%clk 1:02:37]} 16. Bxc4 {[%clk 0:19:23]} Rxc4
{[%clk 1:02:56]} 17. Bxg7 {[%clk 0:15:17]} Kxg7 {[%clk 1:03:19]} 18. hxg6
{[%clk 0:13:36]} fxg6 {[%clk 1:03:38]} 19. Qg5 {[%clk 0:08:36]} Rh8
{[%clk 0:59:53]} 20. Nf5+ {[%clk 0:03:04]} Kf7 {[%clk 0:59:40]} 21. Rxh8
{[%clk 0:01:45]} Qxh8 {[%clk 1:00:05]} 22. Nh6+ {[%clk 0:01:54]} Kg7
{[%clk 0:59:32]} 23. Rh1 {[%clk 0:01:45]} Rc5 {[%clk 0:59:16]} 24. Nd5
{[%clk 0:01:19]} Qc8 {[%clk 0:53:48]} 25. c3 {[%clk 0:01:03]} Nxd5
{[%clk 0:50:44]} 26. exd5 {[%clk 0:01:08]} Qf8 {[%clk 0:50:09]} 27. Re1
{[%clk 0:00:45]} e6 {[%clk 0:49:33]} 28. Nxg4 {[%clk 0:00:42]} Rxd5
{[%clk 0:48:58]} 29. Qh6+ {[%clk 0:00:43]} Kf7 {[%clk 0:49:17]} 30. Qe3
{[%clk 0:00:32]} Qg7 {[%clk 0:48:41]} 31. Nf2 {[%clk 0:00:34]} Ra5
{[%clk 0:45:37]} 32. Kb1 {[%clk 0:00:42]} Rb5 {[%clk 0:45:35]} 33. Ne4
{[%clk 0:00:57]} Ke7 {[%clk 0:44:35]} 34. Kc2 {[%clk 0:00:33]} Rh5
{[%clk 0:41:33]} 35. Qb6 {[%clk 0:00:34]} Qe5 {[%clk 0:40:55]} 36. Rd1
{[%clk 0:00:32]} Rh2+ {[%clk 0:41:09]} 37. Kb1 {[%clk 0:00:37]} d5
{[%clk 0:41:03]} 38. Nc5 {[%clk 0:00:34]} Qd6 {[%clk 0:40:59]} 39. Qxd6+
{[%clk 0:00:35]} Kxd6 {[%clk 0:41:22]} 40. Nxb7+ {[%clk 0:00:46]} Ke5
{[%clk 0:41:25]} 41. Nc5 {[%clk 0:00:59]} Bc8 {[%clk 0:41:31]} 42. Nd3+
{[%clk 0:00:59]} Kf5 {[%clk 0:41:51]} 43. Kc1 {[%clk 0:00:40]} a5
{[%clk 0:41:10]} 44. Nc5 {[%clk 0:00:35]} Rf2 {[%clk 0:41:02]} 45. Nb3
{[%clk 0:00:39]} Kf4 {[%clk 0:40:20]} 46. Nd4 {[%clk 0:00:36]} g5
{[%clk 0:39:33]} 47. Rg1 {[%clk 0:00:36]} e5 48. Nc6 {[%clk 0:00:34]} Rxf3
{[%clk 0:40:01]} 49. Nxa5 {[%clk 0:00:46]} g4 {[%clk 0:40:19]} 50. Nb3
{[%clk 0:00:50]} g3 {[%clk 0:40:06]} 51. Kd1 {[%clk 0:00:40]} Bh3
{[%clk 0:39:45]} 52. Nd2 {[%clk 0:00:37]} e4 {[%clk 0:39:58]} 53. a4
{[%clk 0:00:42]} g2 {[%clk 0:39:12]} 54. Ke1 {[%clk 0:00:46]} Kg3
{[%clk 0:37:52]} 55. Ke2 {[%clk 0:00:35]} Rf2+ {[%clk 0:38:06]} 56. Ke3
{[%clk 0:00:44]} Rxd2 {[%clk 0:37:54]} 57. Kxd2 {[%clk 0:01:11]} Kf2
{[%clk 0:38:16]} 58. Ra1 {[%clk 0:00:38]} e3+ {[%clk 0:38:36]} 59. Kd3
{[%clk 0:00:56]} e2 {[%clk 0:38:54]} 60. Kd2 {[%clk 0:01:03]} g1=Q
{[%clk 0:38:41]} 61. Rxg1 {[%clk 0:01:20]} Bf1 {[%clk 0:38:26]} 62. Rg8
{[%clk 0:01:07]} e1=Q+ {[%clk 0:38:46]} 63. Kc2 {[%clk 0:01:22]} Qe4+
{[%clk 0:39:09]} 64. Kb3 Qc4+ {[%clk 0:39:22]} 65. Ka3 {[%clk 0:02:07]} Qc5+
{[%clk 0:39:45]} 66. Kb3 {[%clk 0:02:05]} Bc4+ {[%clk 0:40:08]} 67. Kc2
{[%clk 0:02:27]} Qe3 {[%clk 0:40:20]} 68. Rf8+ {[%clk 0:02:48]} Ke2
{[%clk 0:40:45]} 69. b4 {[%clk 0:02:00]} Qd2+ {[%clk 0:41:05]} 70. Kb1
{[%clk 0:02:20]} Qd1+ {[%clk 0:41:21]} 71. Kb2 {[%clk 0:02:42]} Qb3+
{[%clk 0:41:47]} 72. Kc1 {[%clk 0:02:58]} Qxc3+ {[%clk 0:42:12]} 73. Kb1
{[%clk 0:03:18]} Bd3+ {[%clk 0:42:34]} 74. Ka2 {[%clk 0:03:36]} Bc2
{[%clk 0:42:38]} 75. Rd8 {[%clk 0:03:29]} Qb3+ {[%clk 0:43:01]} 76. Ka1
{[%clk 0:03:56]} Qa3# {[%clk 0:43:27]} 0-1

[Event "PMPJ 2022 - C13"]
[Site "Jastrzebia Gora"]
[Date "2022.11.12"]
[Round "9.8"]
[White "Gawlik, Olivier"]
[Black "Rzap, Filip"]
[Result "1-0"]
[BlackElo "1386"]
[WhiteElo "1386"]
[LiveChessVersion "1.4.4"]

1. e4 {[%clk 1:30:57]} c5 {[%clk 1:30:57]} 2. Nf3 {[%clk 1:31:22]} d6
{[%clk 1:31:25]} 3. d4 {[%clk 1:31:44]} cxd4 {[%clk 1:31:52]} 4. Nxd4
{[%clk 1:32:09]} Nf6 {[%clk 1:32:16]} 5. Nc3 {[%clk 1:32:36]} a6 {[%clk 1:32:42]}
6. h3 {[%clk 1:33:02]} e6 {[%clk 1:32:20]} 7. g4 {[%clk 1:33:11]} d5
{[%clk 1:32:17]} 8. exd5 {[%clk 1:33:35]} Nxd5 {[%clk 1:32:32]} 9. Nde2
{[%clk 1:33:59]} Bb4 {[%clk 1:31:10]} 10. Bg2 {[%clk 1:31:14]} O-O
{[%clk 1:28:31]} 11. O-O {[%clk 1:29:15]} Nxc3 {[%clk 1:25:27]} 12. Nxc3
{[%clk 1:28:03]} Qc7 {[%clk 1:23:13]} 13. Ne4 {[%clk 1:15:33]} Nc6
{[%clk 1:16:35]} 14. c3 {[%clk 1:14:52]} Be7 {[%clk 1:14:24]} 15. Qe2
{[%clk 1:09:58]} Rd8 {[%clk 1:09:02]} 16. f4 {[%clk 0:52:46]} f6 {[%clk 0:51:35]}
17. Be3 {[%clk 0:48:33]} Na5 {[%clk 0:39:33]} 18. Qf2 {[%clk 0:37:01]} Nc4
{[%clk 0:34:15]} 19. Bd4 {[%clk 0:36:41]} f5 {[%clk 0:27:16]} 20. gxf5
{[%clk 0:23:59]} exf5 {[%clk 0:27:20]} 21. b3 {[%clk 0:19:33]} fxe4
{[%clk 0:25:11]} 22. bxc4 {[%clk 0:19:56]} Qxc4 {[%clk 0:21:15]} 23. Bxe4
{[%clk 0:16:59]} Bxh3 {[%clk 0:17:13]} 24. Rfe1 {[%clk 0:17:11]} Rd6
{[%clk 0:13:52]} 25. Qg3 {[%clk 0:11:34]} Rxd4 {[%clk 0:12:46]} 26. cxd4
{[%clk 0:11:40]} Qxd4+ {[%clk 0:12:53]} 27. Kh1 {[%clk 0:10:36]} Be6
{[%clk 0:12:41]} 28. Rad1 {[%clk 0:08:54]} Qf6 {[%clk 0:11:27]} 29. Bxb7
{[%clk 0:08:45]} Rb8 {[%clk 0:11:25]} 30. Rxe6 {[%clk 0:08:46]} Qf5
{[%clk 0:09:35]} 31. Rxe7 {[%clk 0:07:35]} Qh5+ {[%clk 0:09:40]} 32. Kg2
{[%clk 0:07:49]} 1-0

[Event "PMPJ 2022 - C13"]
[Site "Jastrzebia Gora"]
[Date "2022.11.12"]
[Round "9.9"]
[White "Budzen, Wojciech"]
[Black "Krogulski, Maksymilian"]
[Result "1/2-1/2"]
[BlackElo "1515"]
[WhiteElo "1230"]
[LiveChessVersion "1.4.4"]

1. e4 {[%clk 1:30:58]} c5 {[%clk 1:31:00]} 2. Nf3 {[%clk 1:31:22]} g6
{[%clk 1:31:28]} 3. d4 {[%clk 1:31:36]} cxd4 {[%clk 1:31:27]} 4. Nxd4
{[%clk 1:31:36]} Bg7 {[%clk 1:31:44]} 5. Nc3 {[%clk 1:31:31]} Nc6
{[%clk 1:32:11]} 6. Be3 {[%clk 1:31:16]} Nf6 {[%clk 1:32:39]} 7. f3
{[%clk 1:30:50]} d6 {[%clk 1:33:07]} 8. Qd2 {[%clk 1:30:57]} O-O {[%clk 1:33:29]}
9. O-O-O Bd7 {[%clk 1:33:53]} 10. Bc4 {[%clk 1:30:43]} Rc8 {[%clk 1:34:18]} 11.
Bb3 {[%clk 1:31:05]} a6 {[%clk 1:34:16]} 12. g4 {[%clk 1:31:13]} b5
{[%clk 1:33:24]} 13. h4 {[%clk 1:30:19]} h5 {[%clk 1:32:14]} 14. gxh5
{[%clk 1:28:59]} Nxh5 {[%clk 1:32:42]} 15. Nxc6 {[%clk 1:24:04]} Bxc6
{[%clk 1:32:58]} 16. Bd4 {[%clk 1:23:37]} Bb7 {[%clk 1:25:12]} 17. Qg5
{[%clk 1:16:55]} e5 {[%clk 1:19:19]} 18. Qxd8 {[%clk 1:16:39]} Rfxd8
{[%clk 1:19:47]} 19. Bb6 {[%clk 1:15:46]} Rd7 {[%clk 1:20:11]} 20. Rhg1
{[%clk 1:13:51]} Bh6+ 21. Kb1 Kf8 22. Bd5 Bc6 23. Bxc6 Rxc6 24. Nd5 Rb7 25. Bf2
a5 26. Rd3 b4 27. Be3 Bxe3 28. Rxe3 Ke8 29. Rb3 Rc8 30. c3 Rcb8 31. cxb4 axb4 32.
Rc1 Ng3 1/2-1/2

[Event "PMPJ 2022 - C13"]
[Site "Jastrzebia Gora"]
[Date "2022.11.12"]
[Round "9.10"]
[White "Rabenda, Piotr"]
[Black "Glaz, Michal"]
[Result "1/2-1/2"]
[BlackElo "1365"]
[WhiteElo "1381"]
[LiveChessVersion "1.4.4"]

1. d4 d5 2. c4 e6 3. Nf3 c6 4. Qc2 Nd7 5. Bf4 Nb6 6. e3 dxc4 7. Bxc4 Nxc4 8. Qxc4
Nf6 9. Nc3 Bd6 10. Bxd6 Qxd6 11. O-O O-O 12. e4 Qe7 13. e5 Nd5 14. Rfe1 Qb4 15.
Qxb4 Nxb4 16. Re2 b6 17. a3 Nd5 18. Rc1 Bb7 19. Ne4 Rad8 20. Rec2 Rd7 21. Nd6 Ba8
22. Nd2 Nf4 23. N2c4 Nd5 24. h3 {[%clk 0:26:41]} h6 {[%clk 0:13:20]} 25. Nd2
{[%clk 0:21:58]} Rfd8 {[%clk 0:11:10]} 26. N2e4 {[%clk 0:19:31]} Ne7
{[%clk 0:09:04]} 27. f3 {[%clk 0:19:17]} Nd5 {[%clk 0:08:54]} 28. Kf2
{[%clk 0:18:27]} Nf4 {[%clk 0:06:23]} 29. Rd2 {[%clk 0:18:11]} Rc7
{[%clk 0:05:10]} 30. b4 {[%clk 0:17:05]} Nd5 {[%clk 0:03:07]} 31. g3
{[%clk 0:16:39]} a5 {[%clk 0:01:43]} 32. bxa5 {[%clk 0:16:39]} b5
{[%clk 0:01:21]} 33. Nc5 {[%clk 0:15:47]} Ra7 {[%clk 0:01:18]} 34. a6
{[%clk 0:14:24]} Rb8 {[%clk 0:00:52]} 35. Rb1 {[%clk 0:11:58]} Rd8 36. Rb3 Rb8
37. Kg2 Rf8 38. h4 Rb8 39. g4 Nf4+ 40. Kg3 Nd5 41. Rc2 g6 42. f4 Kg7 43. h5 gxh5
{[%clk 0:00:39]} 44. gxh5 {[%clk 0:09:10]} Kh7 {[%clk 0:00:56]} 45. Kf3
{[%clk 0:08:48]} Rg8 {[%clk 0:01:24]} 46. Nde4 {[%clk 0:07:02]} Rg1
{[%clk 0:01:26]} 47. Ng3 {[%clk 0:07:04]} Rc7 {[%clk 0:01:16]} 48. Rbb2
{[%clk 0:07:00]} Rc8 {[%clk 0:00:45]} 49. Nce4 {[%clk 0:06:33]} Rc7
{[%clk 0:00:42]} 50. Rd2 {[%clk 0:06:34]} Ra7 {[%clk 0:00:47]} 51. Nc5
{[%clk 0:06:59]} Nc7 {[%clk 0:00:56]} 52. Nb3 {[%clk 0:06:54]} Nxa6
{[%clk 0:00:48]} 53. Kf2 {[%clk 0:07:13]} c5 {[%clk 0:00:45]} 54. Kxg1 c4 55.
Rdc2 {[%clk 0:06:50]} cxb3 {[%clk 0:01:37]} 56. Rxb3 {[%clk 0:07:17]} Nc7
{[%clk 0:01:29]} 57. Ne2 {[%clk 0:06:42]} Be4 {[%clk 0:01:09]} 58. Rc1
{[%clk 0:05:28]} Bd5 {[%clk 0:00:52]} 59. Rbc3 {[%clk 0:05:23]} Bc4
{[%clk 0:01:19]} 60. Rxc4 {[%clk 0:04:49]} bxc4 {[%clk 0:01:41]} 61. Rxc4
{[%clk 0:05:17]} Nd5 {[%clk 0:01:47]} 62. Rc1 {[%clk 0:02:04]} Rxa3
{[%clk 0:01:57]} 63. Kg2 {[%clk 0:02:13]} Ra2 {[%clk 0:02:11]} 64. Kf3
{[%clk 0:01:57]} Ra3+ {[%clk 0:02:04]} 65. Kg2 {[%clk 0:01:47]} Ra2
{[%clk 0:02:23]} 66. Kf3 {[%clk 0:02:00]} Ra3+ {[%clk 0:02:26]} 67. Kg2
{[%clk 0:02:02]} Re3 {[%clk 0:02:47]} 68. Rc2 {[%clk 0:01:52]} Re4 69. Kf3 Re3+
{[%clk 0:02:05]} 70. Kg2 {[%clk 0:02:32]} Rd3 {[%clk 0:01:25]} 71. Rb2
{[%clk 0:02:43]} Ne3+ 72. Kh2 Nf5 73. Kg2 Nxd4 {[%clk 0:01:47]} 74. Nxd4
{[%clk 0:02:41]} Rxd4 {[%clk 0:02:15]} 75. Kg3 {[%clk 0:02:53]} Rd3+
{[%clk 0:02:40]} 76. Kg2 {[%clk 0:03:15]} Rd4 {[%clk 0:02:31]} 77. Kg3
{[%clk 0:03:40]} Rd3+ {[%clk 0:02:41]} 78. Kg2 {[%clk 0:04:02]} Kg7
{[%clk 0:03:09]} 79. Ra2 {[%clk 0:04:23]} Rd7 {[%clk 0:02:15]} 80. Ra6
{[%clk 0:04:17]} Re7 {[%clk 0:02:34]} 81. Kg3 {[%clk 0:04:34]} f6
{[%clk 0:01:21]} 82. Kg4 {[%clk 0:04:31]} fxe5 {[%clk 0:01:15]} 83. fxe5
{[%clk 0:04:57]} Kf7 84. Ra4 Kg7 {[%clk 0:01:05]} 85. Ra6 {[%clk 0:05:32]} Kf7
{[%clk 0:01:00]} 86. Ra4 {[%clk 0:05:57]} 1/2-1/2

[Event "PMPJ 2022 - C13"]
[Site "Jastrzebia Gora"]
[Date "2022.11.12"]
[Round "9.11"]
[White "Kryston, Aleksander"]
[Black "Kuczmik, Adam"]
[Result "1-0"]
[BlackElo "1105"]
[WhiteElo "1323"]
[LiveChessVersion "1.4.4"]

1. d4 Nf6 2. c4 e6 3. Nf3 b6 4. g3 Bb7 5. Bg2 Nc6 6. O-O Be7 7. Nbd2 d5 8. e3 O-O
9. b3 Bd6 10. Bb2 Ne7 11. Ne1 Nc8 12. Nd3 Re8 13. Rc1 Bf8 14. Qc2 c6 15. Rfe1 Bd6
16. c5 Bc7 17. Ba3 b5 18. b4 Ne7 19. Bb2 g6 20. Ne5 Kg7 21. h4 a5 22. a3 a4 23.
Bf3 h5 24. e4 Bc8 25. Nd3 Bb8 26. e5 Nfg8 27. Nf1 Nh6 28. Rcd1 Nhf5 29. Qc3 Kh7
30. Bc1 Qd7 31. Bg5 Ng8 32. Nh2 Bc7 33. g4 Ng7 34. gxh5 gxh5 35. Nf4 Bd8 36. Nxh5
Nxh5 37. Bxh5 Bxg5 38. hxg5 Ne7 39. Ng4 Kg7 40. Nf6 Qd8 41. Nxe8+ Qxe8 42. Qf3
Bd7 43. Qf6+ Kg8 44. Kg2 Kf8 {[%clk 0:35:44]} 45. g6 {[%clk 0:03:04]} 1-0

[Event "PMPJ 2022 - C13"]
[Site "Jastrzebia Gora"]
[Date "2022.11.12"]
[Round "9.12"]
[White "Jodlowski, Robert"]
[Black "Chomicki, Kornel"]
[Result "1-0"]
[BlackElo "1313"]
[WhiteElo "1302"]
[LiveChessVersion "1.4.4"]

1. e4 e5 2. d4 exd4 3. Qxd4 Nc6 4. Qd3 Nf6 5. Nc3 Bb4 6. f3 d5 7. exd5 Bxc3+ 8.
Qxc3 Qxd5 9. Bc4 Qe5+ 10. Ne2 Qxc3+ 11. bxc3 Ne5 12. Bb3 O-O 13. Bf4 Re8 14. Rd1
Bf5 15. Kf2 c6 16. g4 Bg6 17. h4 h6 18. g5 hxg5 19. hxg5 Nh5 20. Bc1 c5 21. f4
Ng4+ 22. Kf3 Be4+ 23. Kxg4 Bxh1 24. Rxh1 Rxe2 25. Kxh5 g6+ 26. Kg4 Kg7 27. Bb2 c4
28. Bxc4 Rxc2 29. Ba3 f5+ 30. gxf6+ Kxf6 31. Rh7 g5 32. Be7+ Kg6 33. Bd3# 1-0